000 01031nam1a22002171i 4500
001 rc\4214619
005 20240724125311.0
035 _a(NLR Aleph) 008211224
090 _a8097853
_c8097853
100 _a20130415d1946 |||y0rusy50 ca
101 0 _arus
102 _aRU
105 _ay j |||||
200 1 _aУчебные программы для художественных училищ
_eУтв. Гл. упр. учеб. заведений Ком. по делам искусств при Совете Министров СССР
_eВып. 1-
_fКом. по делам искусств при Совете Министров СССР. Гл. упр. учеб. заведений
210 _aМосква
_aЛенинград
_cИскусство
_d1946
_gтип. "Кр. печатник" в М.
215 _d21
606 _aХудожественные училища
_xПрограммы и учебные планы
_2psbo
801 0 _aRU
_bNLR
_gpsbo
801 1 _aRU
_bELAR
_2rusmarc
852 _aNLR
_jПр30 Г-3/17
942 _cBOOK